Renewable Energy Power For A Sustainable Future (Record no. 1215)

MARC details
000 -LEADER
fixed length control field 00271nam a22001217a 4500
041 ## - LANGUAGE CODE
Language code of text/sound track or separate title ENG
100 ## - MAIN ENTRY--PERSONAL NAME
Personal name Boyie G
245 ## - TITLE STATEMENT
Title Renewable Energy Power For A Sustainable Future
260 ## - PUBLICATION, DISTRIBUTION, ETC. (IMPRINT)
Place of publication, distribution, etc Delhi
Name of publisher, distributor, etc Oxford
Date of publication, distribution, etc 2004
300 ## - PHYSICAL DESCRIPTION
Extent 452
650 ## - SUBJECT ADDED ENTRY--TOPICAL TERM
Topical term or geographic name as entry element EOES
856 ## - ELECTRONIC LOCATION AND ACCESS
Uniform Resource Identifier EOES ( 12 )

No items available.

Contact Us: College of Agricultural Engineering and Technology, Dapoli, Dist.- Ratnagiri
Website: https://dbskkv.org Email: caetlibrary2015@gmail.com